MARC details
| 000 -LEADER |
| fixed length control field |
01439nam a2200349 i 4500 |
| 003 - CONTROL NUMBER IDENTIFIER |
| control field |
EG-GICUC |
| 005 - DATE AND TIME OF LATEST TRANSACTION |
| control field |
20260418073202.0 |
| 008 - FIXED-LENGTH DATA ELEMENTS--GENERAL INFORMATION |
| fixed length control field |
260418s1935 inu||||fr|||| 00| 0 eng d |
| 040 ## - CATALOGING SOURCE |
| Original cataloging agency |
EG-GiCUC |
| Language of cataloging |
eng |
| Transcribing agency |
EG-GiCUC |
| Modifying agency |
EG-GiCUC |
| Description conventions |
rda |
| 041 ## - LANGUAGE CODE |
| Language code of text/sound track or separate title |
eng |
| Language code of original |
eng |
| 082 04 - DEWEY DECIMAL CLASSIFICATION NUMBER |
| Edition number |
21 |
| Classification number |
343.39 |
| Item number |
UN . T |
| 092 04 - LOCALLY ASSIGNED DEWEY CALL NUMBER (OCLC) |
| Edition number |
21 |
| 099 ## - LOCAL FREE-TEXT CALL NUMBER (OCLC) |
| Classification number |
Law1 10 343.39 UN . T 4 ed - 1935 |
| 100 1# - MAIN ENTRY--PERSONAL NAME |
| Personal name |
Underhill, H. C |
| Dates associated with a name |
1858-1918. |
| Fuller form of name |
Harry Clay |
| Relator term |
Author. |
| 245 12 - TITLE STATEMENT |
| Title |
A treatise on the law of criminal evidence : |
| Remainder of title |
ncluding the rules regulating the proper presentation of evidence and its relevancy, the mode of proof in particular classes of crimes and the competency and examination of witnesses, with full reference to decisions / |
| Statement of responsibility, etc. |
By H.C. Underhill. |
| 250 ## - EDITION STATEMENT |
| Edition statement |
4th ed. |
| Remainder of edition statement |
revised and edited by John Lewis Niblack ; assisted by the publisher's editorial staff. |
| 264 #1 - PRODUCTION, PUBLICATION, DISTRIBUTION, MANUFACTURE, AND COPYRIGHT NOTICE |
| Place of production, publication, distribution, manufacture |
Indianapolis : |
| Name of producer, publisher, distributor, manufacturer |
Bobbs-Merrill, |
| Date of production, publication, distribution, manufacture, or copyright notice |
1898. |
| 264 #1 - PRODUCTION, PUBLICATION, DISTRIBUTION, MANUFACTURE, AND COPYRIGHT NOTICE |
| Place of production, publication, distribution, manufacture |
Indianapolis : |
| Name of producer, publisher, distributor, manufacturer |
Bobbs-Merrill, |
| Date of production, publication, distribution, manufacture, or copyright notice |
1923. |
| 264 #1 - PRODUCTION, PUBLICATION, DISTRIBUTION, MANUFACTURE, AND COPYRIGHT NOTICE |
| Place of production, publication, distribution, manufacture |
Indianapolis : |
| Name of producer, publisher, distributor, manufacturer |
Bobbs-Merrill, |
| Date of production, publication, distribution, manufacture, or copyright notice |
1935. |
| 264 #1 - PRODUCTION, PUBLICATION, DISTRIBUTION, MANUFACTURE, AND COPYRIGHT NOTICE |
| Place of production, publication, distribution, manufacture |
Indianapolis : |
| Name of producer, publisher, distributor, manufacturer |
by H.C. Underhill. |
| Date of production, publication, distribution, manufacture, or copyright notice |
1910. |
| 300 ## - PHYSICAL DESCRIPTION |
| Extent |
1691 pages ; |
| Dimensions |
26 cm. |
| 336 ## - CONTENT TYPE |
| Source |
rda content |
| Content type term |
text |
| 337 ## - MEDIA TYPE |
| Source |
rda media |
| Media type term |
Computer |
| 338 ## - CARRIER TYPE |
| Source |
rda carrier |
| Carrier type term |
Online Resource |
| 546 ## - LANGUAGE NOTE |
| Language note |
Text in English |
| 650 1# - SUBJECT ADDED ENTRY--TOPICAL TERM |
| Topical term or geographic name entry element |
Criminal Law |
| 650 1# - SUBJECT ADDED ENTRY--TOPICAL TERM |
| Topical term or geographic name entry element |
Criminal Evidence |
| 650 1# - SUBJECT ADDED ENTRY--TOPICAL TERM |
| Topical term or geographic name entry element |
Criminal proof |
| 856 40 - ELECTRONIC LOCATION AND ACCESS |
| Uniform Resource Identifier |
<a href="https://fll.law.cu.edu.eg/fulltext/bks/B10-08610.pdf">https://fll.law.cu.edu.eg/fulltext/bks/B10-08610.pdf</a> |
| 905 ## - Cataloger and Reviser Names |
| Cataloger Name: |
Gomana |
| 942 ## - ADDED ENTRY ELEMENTS (KOHA) |
| Source of classification or shelving scheme |
Dewey Decimal Classification |
| Suppress in OPAC |
No |
| Koha item type |
Books |
| Edition |
21 |